[Event "Rheinhessen-ch HT1 op"]
[Site "Woerrstadt"]
[Date "1999.03.27"]
[Round "1"]
[White "Loshaj, Shaban"]
[Black "Koellmer, Hans Peter"]
[Result "1/2-1/2"]
[WhiteElo "1776"]
[BlackElo "1467"]
[PlyCount "103"]
[EventDate "1999.03.27"]
[EventType "swiss"]
[EventRounds "7"]
[EventCountry "GER"]
[SourceTitle "EXT 2000"]
[Source "ChessBase"]
[SourceDate "1999.11.16"]
[SourceVersion "1"]
[SourceVersionDate "1999.11.16"]
[SourceQuality "1"]

1. e4 c5 2. Bc4 Nc6 3. a3 Nf6 4. d3 d5 5. exd5 Nxd5 6. Bd2 g6 7. Nc3 Nxc3 8. Bxc3 Nd4 9. Ne2 Bg7 10. Ng3 0-0 11. 0-0 e6 12. Re1 b6 13. Rc1 Bb7 14. Bd2 Nc6 15. Rb1 a5 16. Ne4 Ne5 17. Ba2 Nc6 18. Bg5 Qc7 19. Qd2 Ne7 20. Nf6+ Kh8 21. Ng4 Ng8 22. Qe3 Qc6 23. Qh3 Rfe8 24. Bf4 Rf8 25. Ne5 Qe8 26. Re2 Rd8 27. c3 Bd5 28. b3 f6 29. Ng4 e5 30. Bh6 Be6 31. Bxg7+ Kxg7 32. Qg3 Bf5 33. Rd1 Qd7 34. h3 Be6 35. Ne3 Ne7 36. f4 exf4 37. Qxf4 Nd5 38. Nxd5 Bxd5 39. d4 cxd4 40. Rxd4 Qc8 41. Qd2 Bf7 42. Re7 Rxd4 43. Qxd4 Re8 44. Rxe8 Qxe8 45. Kf2 Qc6 46. c4 Qc5 47. Qxc5 bxc5 48. Ke3 f5 49. h4 Kf6 50. Kf4 h6 51. Bb1 Be6 52. Bc2 1/2-1/2